[Event "Mittelfrank Regionalliga Sud-West 2223"]
[Site "Mittelfranken"]
[Date "2023.03.19"]
[Round "8.2"]
[White "Pensold, Heiko"]
[Black "Waelzel, Helmut"]
[Result "0-1"]
[WhiteElo "2016"]
[BlackElo "2231"]
[PlyCount "102"]
[EventDate "2022.10.09"]
[EventType "team-tourn"]
[EventRounds "9"]
[EventCountry "GER"]
[SourceTitle "EXT 2024"]
[Source "ChessBase"]
[SourceDate "2023.10.10"]
[SourceVersion "1"]
[SourceVersionDate "2023.10.10"]
[SourceQuality "1"]
[WhiteTeam "Marktoberdorf"]
[BlackTeam "Haar"]
[WhiteTeamCountry "GER"]
[BlackTeamCountry "GER"]

1. d4 Nf6 2. Nf3 e6 3. Nbd2 c5 4. e3 b6 5. Bd3 Be7 6. Qe2 Bb7 7. 0-0 0-0 8. c3 Nc6 9. a3 d5 10. Ne5 Nxe5 11. dxe5 Ne4 12. Qg4 Nxd2 13. Bxd2 Qc7 14. f4 f5 15. Qe2 c4 16. Bc2 Bc6 17. h3 Qd7 18. Rae1 Ba4 19. Bb1 a5 20. Kh2 b5 21. g4 g6 22. gxf5 gxf5 23. Rg1+ Kh8 24. Qh5 Qe8 25. Qh6 Qf7 26. e4 dxe4 27. Be3 Rg8 28. Bd4 Rg6 29. Rxg6 Qxg6 30. Qxg6 hxg6 31. Kg3 Kg7 32. Kg2 Kf7 33. Rh1 Rd8 34. Kf2 b4 35. Ke3 b3 36. Bb6 Rd5 37. h4 Bc6 38. Bd4 a4 39. h5 g5 40. h6 Rd8 41. Bb6 Rh8 42. Kd4 Bd5 43. fxg5 Bxg5 44. Kc5 Rxh6 45. Rxh6 Bxh6 46. Kb5 Bc1 47. Kxa4 Bxb2 48. Kb4 Bc1 49. a4 e3 50. a5 e2 51. Bf2 Be4 0-1

[Event "Mittelfrank Regionalliga Sud-West 2122"]
[Site "Mittelfranken"]
[Date "2021.10.24"]
[Round "1.1"]
[White "Nuber, Korbinian"]
[Black "Waelzel, Helmut"]
[Result "1/2-1/2"]
[WhiteElo "2258"]
[BlackElo "2225"]
[PlyCount "44"]
[EventDate "2021.10.24"]
[EventType "team-tourn"]
[EventRounds "9"]
[EventCountry "GER"]
[SourceTitle "EXT 2024"]
[Source "ChessBase"]
[SourceDate "2023.10.10"]
[SourceVersion "1"]
[SourceVersionDate "2023.10.10"]
[SourceQuality "1"]
[WhiteTeam "Dillingen"]
[BlackTeam "Haar"]
[WhiteTeamCountry "GER"]
[BlackTeamCountry "GER"]

1. e4 e6 2. d4 d5 3. Nd2 Be7 4. Bd3 c5 5. dxc5 Bxc5 6. Ngf3 Nc6 7. 0-0 Nf6 8. exd5 Qxd5 9. Qe2 0-0 10. Ne4 Be7 11. Bg5 Nxe4 12. Qxe4 Qxe4 13. Bxe4 Bxg5 14. Nxg5 h6 15. Nf3 Bd7 16. Rfd1 Rfd8 17. Rd6 Kf8 18. Rad1 Be8 19. Rxd8 Rxd8 20. Rxd8 Nxd8 21. Ne5 Ke7 22. f4 f6 1/2-1/2

[Event "Regionalliga Sued-West 1718"]
[Site "Bayern"]
[Date "2018.03.18"]
[Round "8.1"]
[White "Waelzel, Helmut"]
[Black "Hennig, Dirk"]
[Result "1/2-1/2"]
[WhiteElo "2233"]
[BlackElo "2316"]
[PlyCount "22"]
[EventDate "2017.10.22"]
[EventType "team-tourn"]
[EventRounds "9"]
[EventCountry "GER"]
[SourceTitle "EXT 2022"]
[Source "ChessBase"]
[SourceDate "2021.10.06"]
[SourceVersion "1"]
[SourceVersionDate "2021.10.06"]
[SourceQuality "1"]
[WhiteTeam "Haar"]
[BlackTeam "Muenchen SC II"]
[WhiteTeamCountry "GER"]
[BlackTeamCountry "GER"]

1. d4 g6 2. e4 c6 3. c4 Bg7 4. Nc3 d6 5. Be3 a6 6. Bd3 b5 7. Nf3 Nf6 8. 0-0 0-0 9. h3 bxc4 10. Bxc4 d5 11. exd5 cxd5 1/2-1/2

[Event "Regionalliga Sued-West 1718"]
[Site "Bayern"]
[Date "2018.01.21"]
[Round "5.1"]
[White "Ruprecht, Martin"]
[Black "Waelzel, Helmut"]
[Result "0-1"]
[WhiteElo "2066"]
[BlackElo "2233"]
[PlyCount "42"]
[EventDate "2017.10.22"]
[EventType "team-tourn"]
[EventRounds "9"]
[EventCountry "GER"]
[SourceTitle "EXT 2022"]
[Source "ChessBase"]
[SourceDate "2021.10.06"]
[SourceVersion "1"]
[SourceVersionDate "2021.10.06"]
[SourceQuality "1"]
[WhiteTeam "Marktoberdorf"]
[BlackTeam "Haar"]
[WhiteTeamCountry "GER"]
[BlackTeamCountry "GER"]

1. d4 d5 2. c4 e6 3. Nc3 c6 4. e4 dxe4 5. Nxe4 Bb4+ 6. Bd2 Qxd4 7. Bxb4 Qxe4+ 8. Be2 Ne7 9. Qd2 Ng6 10. Nh3 Qxg2 11. 0-0-0 f6 12. Bh5 Kf7 13. Nf4 Qe4 14. Rhg1 Qxc4+ 15. Kb1 e5 16. Qd6 Re8 17. Nxg6 Bf5+ 18. Ka1 hxg6 19. Rxg6 Bxg6 20. Qc7+ Kg8 21. Bxg6 Na6 0-1

[Event "Regionalliga Sued-West 1718"]
[Site "Bayern"]
[Date "2017.12.10"]
[Round "4.2"]
[White "Andersen, Jens Knud"]
[Black "Waelzel, Helmut"]
[Result "1-0"]
[WhiteElo "2148"]
[BlackElo "2233"]
[PlyCount "59"]
[EventDate "2017.10.22"]
[EventType "team-tourn"]
[EventRounds "9"]
[EventCountry "GER"]
[SourceTitle "EXT 2022"]
[Source "ChessBase"]
[SourceDate "2021.10.06"]
[SourceVersion "1"]
[SourceVersionDate "2021.10.06"]
[SourceQuality "1"]
[WhiteTeam "Mering"]
[BlackTeam "Haar"]
[WhiteTeamCountry "GER"]
[BlackTeamCountry "GER"]

1. Nf3 d5 2. e3 g6 3. c4 Nf6 4. cxd5 Nxd5 5. d4 Bg7 6. e4 Nb6 7. Nc3 Bg4 8. Be3 0-0 9. Be2 Nc6 10. d5 Bxf3 11. gxf3 Ne5 12. Qb3 Qd7 13. h4 h5 14. 0-0-0 Kh7 15. Kb1 Bh6 16. Bxh6 Kxh6 17. Rdg1 f5 18. f4 Ng4 19. f3 Nf6 20. Bd3 e6 21. Qc2 fxe4 22. Qg2 Qg7 23. Qg5+ Kh7 24. fxe4 Ng4 25. dxe6 Nf2 26. Bc2 Qf6 27. Qg2 Nxh1 28. e5 Qxe6 29. Bxg6+ Kh8 30. Qg5 1-0

[Event "Regionalliga SW 1617"]
[Site "Bayern"]
[Date "2017.04.02"]
[Round "8.2"]
[White "Krulich, Roman"]
[Black "Waelzel, Helmut"]
[Result "1/2-1/2"]
[WhiteElo "2168"]
[BlackElo "2234"]
[PlyCount "53"]
[EventDate "2016.10.16"]
[EventType "team-tourn"]
[EventRounds "9"]
[EventCountry "GER"]
[SourceTitle "EXT 2019"]
[Source "ChessBase"]
[SourceDate "2018.10.10"]
[SourceVersion "1"]
[SourceVersionDate "2018.10.10"]
[SourceQuality "1"]
[WhiteTeam "MSA Zugzwang II"]
[BlackTeam "Haar"]
[WhiteTeamCountry "GER"]
[BlackTeamCountry "GER"]

1. e4 e6 2. d4 d5 3. Nc3 Bb4 4. exd5 exd5 5. Bd3 Ne7 6. Qh5 Nbc6 7. Nge2 Be6 8. 0-0 Qd7 9. h3 0-0-0 10. a3 Bxc3 11. bxc3 f6 12. Rb1 Bf5 13. Ng3 g6 14. Qf3 Bxd3 15. cxd3 Rhf8 16. Re1 h5 17. a4 h4 18. Nf1 Nf5 19. Qd1 Rfe8 20. Be3 Re6 21. Qb3 Na5 22. Qb4 b6 23. Bd2 Rde8 24. Rxe6 Rxe6 25. Qf8+ Qe8 26. Qxe8+ Rxe8 27. Ne3 1/2-1/2

[Event "Regionalliga SW 1516"]
[Site "Bayern"]
[Date "2016.04.10"]
[Round "9.2"]
[White "Fauth, Dietmar"]
[Black "Waelzel, Helmut"]
[Result "1/2-1/2"]
[WhiteElo "2091"]
[BlackElo "2222"]
[PlyCount "77"]
[EventDate "2015.10.11"]
[EventType "team-tourn"]
[EventRounds "9"]
[EventCountry "GER"]
[SourceTitle "EXT 2018"]
[Source "ChessBase"]
[SourceDate "2017.10.13"]
[SourceVersion "1"]
[SourceVersionDate "2017.10.13"]
[SourceQuality "1"]
[WhiteTeam "Muenchen Siemens"]
[BlackTeam "Haar"]
[WhiteTeamCountry "GER"]
[BlackTeamCountry "GER"]

1. e4 e5 2. Nf3 Nc6 3. Bb5 a6 4. Ba4 Nf6 5. 0-0 b5 6. Bb3 Bc5 7. c3 Qe7 8. d4 Bb6 9. Re1 d6 10. Bd5 Bd7 11. Nbd2 Rb8 12. Nf1 Nd8 13. Ng3 Nxd5 14. exd5 f6 15. Be3 0-0 16. dxe5 fxe5 17. Bxb6 Rxb6 18. Nd2 Qh4 19. Nde4 Nf7 20. Qd2 Nh6 21. f3 Nf5 22. Nxf5 Rxf5 23. Qf2 Qxf2+ 24. Kxf2 Kf8 25. Rad1 Ke7 26. Rd2 h6 27. Rc1 Rf8 28. Ke3 Bf5 29. c4 c5 30. dxc6 Rxc6 31. c5 Bxe4 32. Kxe4 Rf4+ 33. Kd5 Kd7 34. Rcc2 Rc4 35. Rxc4 bxc4 36. Kxc4 Rxc5+ 37. Kd3 Rd5+ 38. Ke3 Rc5 39. Kd3 1/2-1/2

[Event "Regionalliga SW 1415"]
[Site "Bayern"]
[Date "2014.11.09"]
[Round "2.2"]
[White "Waelzel, Helmut"]
[Black "Lapcevic, Milos"]
[Result "0-1"]
[WhiteElo "2222"]
[BlackElo "2324"]
[PlyCount "82"]
[EventDate "2014.10.19"]
[EventType "team-tourn"]
[EventRounds "9"]
[EventCountry "GER"]
[SourceTitle "EXT 2018"]
[Source "ChessBase"]
[SourceDate "2017.10.13"]
[SourceVersion "1"]
[SourceVersionDate "2017.10.13"]
[SourceQuality "1"]
[WhiteTeam "Haar"]
[BlackTeam "Haunstetten"]
[WhiteTeamCountry "GER"]
[BlackTeamCountry "GER"]

1. c4 c5 2. Nf3 Nf6 3. Nc3 b6 4. e4 d6 5. d4 cxd4 6. Nxd4 Bb7 7. Qe2 e6 8. g3 a6 9. Bg2 Qc7 10. 0-0 Be7 11. f4 0-0 12. f5 Nc6 13. Be3 Nxd4 14. Bxd4 Rae8 15. fxe6 fxe6 16. Rad1 Nd7 17. Rxf8+ Bxf8 18. b3 b5 19. cxb5 e5 20. Nd5 Bxd5 21. exd5 axb5 22. Be3 b4 23. Qb5 Rb8 24. Qc6 Qd8 25. Bh3 Nf6 26. Rc1 Qa5 27. Qc7 Qb5 28. Be6+ Kh8 29. Rc4 h6 30. Qf7 Qa5 31. Bxh6 gxh6 32. Rg4 Qc5+ 33. Kg2 Qc2+ 34. Kh3 Qh7 35. Qxf6+ Bg7 36. Qe7 Rf8 37. Bf7 Qf5 38. Qe6 Qf1+ 39. Kh4 Rxf7 40. Rxb4 Kh7 41. a4 Rf2 0-1

[Event "Regionalliga SW 1415"]
[Site "Bayern"]
[Date "2014.10.19"]
[Round "1.2"]
[White "Krulich, Roman"]
[Black "Waelzel, Helmut"]
[Result "0-1"]
[WhiteElo "2168"]
[BlackElo "2222"]
[PlyCount "144"]
[EventDate "2014.10.19"]
[EventType "team-tourn"]
[EventRounds "9"]
[EventCountry "GER"]
[SourceTitle "EXT 2018"]
[Source "ChessBase"]
[SourceDate "2017.10.13"]
[SourceVersion "1"]
[SourceVersionDate "2017.10.13"]
[SourceQuality "1"]
[WhiteTeam "MSA Zugzwang II"]
[BlackTeam "Haar"]
[WhiteTeamCountry "GER"]
[BlackTeamCountry "GER"]

1. e4 e6 2. d4 d5 3. Nc3 Bb4 4. exd5 exd5 5. Bd3 Nc6 6. a3 Be7 7. Nge2 Bf6 8. 0-0 Nge7 9. Bf4 Bg4 10. Qd2 Ng6 11. h3 Be6 12. Bg3 Qd7 13. Nd1 Nce7 14. Ne3 c6 15. c3 0-0 16. Qc2 Bg5 17. f4 Bh6 18. Kh2 f5 19. Ng1 Qd6 20. Qf2 Rae8 21. Rae1 Qd7 22. Qc2 Qd6 23. Qf2 Qd7 24. Qc2 Qd6 25. Ne2 Nh8 26. c4 dxc4 27. Nxc4 Bxc4 28. Bxc4+ Nf7 29. Qb3 b5 30. Be6 g6 31. Nc3 Bg7 32. Bxf7+ Rxf7 33. Re6 Qd7 34. Rfe1 Bxd4 35. Rd1 c5 36. Nxb5 Rb8 37. Rf6 Nd5 38. Rxf7 Kxf7 39. a4 a6 40. Bf2 axb5 41. Bxd4 cxd4 42. Rxd4 Rd8 43. axb5 Qb7 44. Qc4 Rd7 45. Qc6 Nf6 46. Rxd7+ Qxd7 47. Qc4+ Nd5 48. b6 Ke6 49. Qa6 Qc6 50. Qa7 Qxb6 51. Qxh7 Nxf4 52. Qg8+ Ke5 53. Qe8+ Kd4 54. Qh8+ Ke4 55. Qa8+ Nd5 56. Qa4+ Qb4 57. Qe8+ Ne7 58. Qa8+ Ke5 59. Qh8+ Ke6 60. Qg7 Qf4+ 61. Kh1 Qe3 62. Qh8 Qe5 63. Qxe5+ Kxe5 64. Kg1 Nd5 65. Kf2 Kf4 66. b3 Nb4 67. g3+ Ke4 68. Ke2 Nc6 69. Kf2 Ne5 70. Ke2 Nd3 71. Kd2 Nf2 72. Kc3 Nxh3 0-1

[Event "Regionalliga SW 1314"]
[Site "Bayern"]
[Date "2014.02.23"]
[Round "7.1"]
[White "Pezerovic, Edin"]
[Black "Waelzel, Helmut"]
[Result "1-0"]
[WhiteElo "2358"]
[BlackElo "2249"]
[PlyCount "53"]
[EventDate "2013.10.13"]
[EventType "team-tourn"]
[EventRounds "9"]
[EventCountry "GER"]
[SourceTitle "EXT 2015"]
[Source "ChessBase"]
[SourceDate "2014.11.20"]
[SourceVersion "1"]
[SourceVersionDate "2014.11.20"]
[SourceQuality "1"]
[WhiteTeam "Muenchen 36"]
[BlackTeam "Haar"]
[WhiteTeamCountry "GER"]
[BlackTeamCountry "GER"]

1. d4 Nf6 2. Nf3 e6 3. Bg5 h6 4. Bh4 b6 5. Nbd2 Bb7 6. c3 c5 7. e3 Be7 8. Bd3 d6 9. Bg3 Nh5 10. Qe2 Nd7 11. Rd1 Qc7 12. 0-0 Nxg3 13. hxg3 Rc8 14. Nh2 d5 15. f4 Nf6 16. Nhf3 0-0 17. Ne5 Ne4 18. Qf3 Nd6 19. g4 Bc6 20. g5 hxg5 21. Qh5 Ne4 22. Rf3 f6 23. Ng6 Be8 24. Qh8+ Kf7 25. Nxf8 Bxf8 26. Nxe4 g4 27. Ng5+ 1-0

[Event "Regionalliga SW 1112"]
[Site "Bayern"]
[Date "2012.02.26"]
[Round "7.2"]
[White "Waelzel, Helmut"]
[Black "Kostic, Vladimir G"]
[Result "0-1"]
[WhiteElo "2220"]
[BlackElo "2379"]
[PlyCount "57"]
[EventDate "2011.10.02"]
[EventType "team-tourn"]
[EventRounds "9"]
[EventCountry "GER"]
[SourceTitle "EXT 2015"]
[Source "ChessBase"]
[SourceDate "2014.11.20"]
[SourceVersion "1"]
[SourceVersionDate "2014.11.20"]
[SourceQuality "1"]
[WhiteTeam "Haar"]
[BlackTeam "Muenchen Suedost"]
[WhiteTeamCountry "GER"]
[BlackTeamCountry "GER"]

1. c4 e6 2. Nc3 d5 3. d4 c5 4. cxd5 exd5 5. Nf3 Nc6 6. Bg5 Be7 7. Bxe7 Ngxe7 8. dxc5 Qa5 9. e3 Qxc5 10. Rc1 0-0 11. Qd2 Bg4 12. Nd4 Nxd4 13. Nb5 Qb6 14. Qxd4 Qg6 15. f3 Bd7 16. Kf2 Nf5 17. Qf4 Qf6 18. Nd4 g5 19. Qc7 Nxd4 20. Qxd7 Ne6 21. Qb5 d4 22. e4 Qf4 23. Be2 Rac8 24. Rxc8 Qe3+ 25. Kg3 Rxc8 26. Bc4 a6 27. Qb3 Qf4+ 28. Kf2 Nc5 29. Qc2 0-1

[Event "Regionalliga SW 1112"]
[Site "Bayern"]
[Date "2011.12.11"]
[Round "4.2"]
[White "Gallmeier, Eike"]
[Black "Waelzel, Helmut"]
[Result "0-1"]
[WhiteElo "1888"]
[BlackElo "2220"]
[PlyCount "65"]
[EventDate "2011.10.02"]
[EventType "team-tourn"]
[EventRounds "9"]
[EventCountry "GER"]
[SourceTitle "EXT 2013"]
[Source "ChessBase"]
[SourceDate "2012.11.22"]
[SourceVersion "1"]
[SourceVersionDate "2012.11.22"]
[SourceQuality "1"]
[WhiteTeam "Kaufbeuren"]
[BlackTeam "Haar"]
[WhiteTeamCountry "GER"]
[BlackTeamCountry "GER"]

1. Nf3 d5 2. g3 Nf6 3. Bg2 c6 4. d3 g6 5. Nbd2 Bg7 6. 0-0 0-0 7. e4 Nbd7 8. Re1 e5 9. Qe2 Re8 10. a4 Qc7 11. Nf1 dxe4 12. dxe4 Nc5 13. N3d2 Bg4 14. Qc4 b6 15. Ne3 Be6 16. Qe2 a5 17. b3 Rad8 18. Ba3 Bf8 19. Bb2 Bc8 20. Bc3 Ne6 21. Nf3 Nd4 22. Bxd4 exd4 23. Nc4 Rxe4 24. Qd3 Bf5 25. Rxe4 Nxe4 26. Qf1 Bg7 27. Rc1 Nc3 28. Qe1 b5 29. axb5 cxb5 30. Nb2 a4 31. bxa4 bxa4 32. Nd3 Bxd3 33. cxd3 0-1

[Event "Regionalliga SW 1011"]
[Site "Bayern"]
[Date "2010.12.12"]
[Round "4.2"]
[White "Maugg, Ludwig"]
[Black "Waelzel, Helmut"]
[Result "1/2-1/2"]
[WhiteElo "1990"]
[BlackElo "2214"]
[PlyCount "56"]
[EventDate "2010.10.10"]
[EventType "team-tourn"]
[EventRounds "9"]
[EventCountry "GER"]
[SourceTitle "EXT 2012"]
[Source "ChessBase"]
[SourceDate "2011.11.24"]
[SourceVersion "1"]
[SourceVersionDate "2011.11.24"]
[SourceQuality "1"]
[WhiteTeam "Sonthofen"]
[BlackTeam "Haar"]
[WhiteTeamCountry "GER"]
[BlackTeamCountry "GER"]

1. e4 e6 2. d3 c5 3. Nf3 Nc6 4. g3 g6 5. Bg2 Bg7 6. 0-0 Nge7 7. c3 d5 8. Qe2 b6 9. e5 Qc7 10. Re1 Bb7 11. Bf4 0-0-0 12. Nbd2 Kb8 13. a3 Ka8 14. b4 Rc8 15. Rab1 h6 16. h4 Rhd8 17. Rb2 Nb8 18. b5 a5 19. bxa6 Bxa6 20. Reb1 Nd7 21. c4 Bb7 22. a4 Bc6 23. Ra2 Rb8 24. Rb3 Rb7 25. Nb1 Ra7 26. Nc3 Rb8 27. Nb5 Bxb5 28. axb5 Rbb7 1/2-1/2

[Event "Regionalliga SW 1011"]
[Site "Bayern"]
[Date "2010.10.10"]
[Round "1.2"]
[White "Waelzel, Helmut"]
[Black "Jussupow, Alexander"]
[Result "1/2-1/2"]
[WhiteElo "2214"]
[BlackElo "2134"]
[PlyCount "94"]
[EventDate "2010.10.10"]
[EventType "team-tourn"]
[EventRounds "9"]
[EventCountry "GER"]
[SourceTitle "EXT 2012"]
[Source "ChessBase"]
[SourceDate "2011.11.24"]
[SourceVersion "1"]
[SourceVersionDate "2011.11.24"]
[SourceQuality "1"]
[WhiteTeam "Haar"]
[BlackTeam "Krumbach II"]
[WhiteTeamCountry "GER"]
[BlackTeamCountry "GER"]

1. c4 Nc6 2. d4 d5 3. cxd5 Qxd5 4. Nf3 e5 5. Nc3 Bb4 6. Bd2 Bxc3 7. Bxc3 e4 8. Nd2 Bg4 9. h3 Bh5 10. Qb3 Qxb3 11. axb3 Nf6 12. e3 0-0 13. Bb5 Nb8 14. g4 Bg6 15. Bc4 c6 16. b4 b5 17. Be2 Nd5 18. Nb3 Nd7 19. Ra6 N7b6 20. Nc5 f5 21. Bd2 Rf7 22. 0-0 Raf8 23. f4 exf3 24. Rxf3 Re7 25. Kf2 Rfe8 26. gxf5 Bh5 27. Rg3 Bxe2 28. Kxe2 Nc4 29. Ne6 Nxd2 30. Kxd2 Nxb4 31. Ra1 Kh8 32. Nc5 Rd8 33. Rag1 Nd5 34. Rxg7 Rxg7 35. Rxg7 Kxg7 36. Ne6+ Kf6 37. Nxd8 Kxf5 38. Nxc6 Ke4 39. Nxa7 b4 40. Nc6 h5 41. h4 b3 42. Na5 Nxe3 43. Nxb3 Nf5 44. Kc3 Nxh4 45. Nc5+ Kd5 46. Nd7 Ke6 47. Ne5 Kd5 1/2-1/2

[Event "Regionalliga SW 9899"]
[Site "Bayern"]
[Date "1999.??.??"]
[Round "5.1"]
[White "Berndt, Axel"]
[Black "Waelzel, Helmut"]
[Result "1/2-1/2"]
[WhiteElo "2205"]
[BlackElo "2265"]
[PlyCount "29"]
[EventDate "1998.??.??"]
[EventType "team-tourn"]
[EventRounds "9"]
[EventCountry "GER"]
[SourceTitle "EXT 2020"]
[Source "ChessBase"]
[SourceDate "2019.10.17"]
[SourceVersion "1"]
[SourceVersionDate "2019.10.17"]
[SourceQuality "1"]
[WhiteTeam "Sendling"]
[BlackTeam "Haar"]
[WhiteTeamCountry "GER"]
[BlackTeamCountry "GER"]

1. e4 e6 2. d4 d5 3. Nc3 Bb4 4. e5 Qd7 5. Bd2 b6 6. Bb5 c6 7. Ba4 Ba6 8. Nce2 Bxd2+ 9. Qxd2 Bb5 10. Bxb5 cxb5 11. Nf4 Nc6 12. Nf3 h5 13. h4 Nge7 14. 0-0 Nf5 15. b3 1/2-1/2

[Event "Regionalliga SW 9899"]
[Site "Bayern"]
[Date "1999.??.??"]
[Round "9.1"]
[White "Waelzel, Helmut"]
[Black "Uhlmann, Helge"]
[Result "0-1"]
[WhiteElo "2265"]
[BlackElo "2075"]
[PlyCount "80"]
[EventDate "1998.??.??"]
[EventType "team-tourn"]
[EventRounds "9"]
[EventCountry "GER"]
[SourceTitle "EXT 2020"]
[Source "ChessBase"]
[SourceDate "2019.10.17"]
[SourceVersion "1"]
[SourceVersionDate "2019.10.17"]
[SourceQuality "1"]
[WhiteTeam "Haar"]
[BlackTeam "Pasing II"]
[WhiteTeamCountry "GER"]
[BlackTeamCountry "GER"]

1. c4 c5 2. Nf3 b6 3. b3 Bb7 4. Bb2 Nf6 5. e3 d6 6. Be2 Nbd7 7. 0-0 e6 8. Nc3 Be7 9. d4 0-0 10. Qd2 Qc7 11. Rad1 Ne4 12. Nxe4 Bxe4 13. h3 Qb7 14. Ne1 Nf6 15. Bf3 Rfd8 16. d5 e5 17. Be2 a6 18. a4 b5 19. f3 bxa4 20. fxe4 Nxe4 21. Qd3 Ng3 22. Rf2 Rab8 23. e4 Qxb3 24. Qxb3 Rxb3 25. Bd3 f5 26. exf5 e4 27. Bf1 a3 28. Bc1 Bf6 29. Ra2 Bd4+ 30. Rxd4 cxd4 31. Bf4 Nxf5 32. Nc2 Rb2 33. Rxb2 axb2 34. Na3 Rb8 35. Nb1 g5 36. Bxg5 Ng3 37. Bf4 Nxf1 38. Kxf1 Rb4 39. c5 dxc5 40. d6 Kf7 0-1